Can you guess the ABBA song from the picture? - Statistics

General Stats
  • This quiz has been taken 597 times
  • The average score is 6 of 15
Answer Stats
Picture Answer % Correct
money money money
84%
dancing queen
68%
thank you for the music
54%
waterloo
53%
sos
52%
gimme, gimme, gimme
51%
ring ring
49%
mamma mia
47%
when i kissed the teacher
41%
chiquitita
25%
honey honey
20%
name of the game
20%
super trooper
14%
does your mother know
13%
so long
9%
No matching quizzes found
Score Distribution
Percent of People with Each Score
Percentile by Number Answered
Your Score History
You have not taken this quiz